Knižnice a odbory

Bibliographic Details
Main Authors: Ághová, Jana, 1945- (Author), Szilágyiová, Marta, 1947- (Author)
Format: Article
Language:Slovak
Subjects:

MARC

LEADER 00000nab a2200000 a 4500
001 vtls000397687
003 SK-MaSNL
005 20260303134632.0
008 230217c1990 xo 0 slo
015 |a SNBRB19rr/mm-uuuuu 
035 |a CL0397811 
035 |a urn:nbn:sk:snk-abbl64 
035 |a (urnnbn)urn:nbn:sk:snk:ar-001ae6 
035 |a (uuid)af573a61-a8e5-4e4a-8690-d376aee7826a 
040 |a SNKBUCL  |b slo  |c SNKBUCL  |e AACR2 
041 0 |a slo 
044 |a xo  |c SK 
080 |a 021.15:331.88(437)  |2 1981 
080 |a 331.88(437)  |2 1981 
080 |a 331.88  |2 1981 
100 1 |a Ághová, Jana,  |d 1945-  |4 aut  |9 37581 
245 1 0 |a Knižnice a odbory  |c Jana Ághová, Marta Szilágyiová 
650 0 7 |a knižnice  |2 snkbucl  |9 17965 
655 7 |a články z novín a časopisov  |2 snkbucl  |9 267496 
655 7 |a články z odboru knihovníctvo  |2 snkbucl  |9 166141 
700 1 |a Szilágyiová, Marta,  |d 1947-  |4 aut  |9 194776 
773 0 |t Čitateľ  |g Roč. 39, č. 10 (1990), s. 350-351 
850 |a Slovenská národná knižnica v Martine  |a MTA001 
852 |a SNK  |b KIS3GCP 
954 |a odborná, vedecká literatúra pôvodná (slovenská)  |2 lita 
958 |a RK 
958 |a KL 
958 |a OND 
958 |a EUIPO 
958 |a article15 
992 |a RBX 
999 |c 1961213  |d 1963143